000 00826nam a22002657a 4500
001 32756
003 UA-OsUOA
005 20210621231900.0
007 ta
008 20050210b un ||||| |||| 00| 0 ukr d
020 _a5770743638
040 _aUA-OsUOA
_bukr
_cUA-OsUOA
_dUA-OsUOA
041 _aukr
044 _aUA
080 _a94(477).075
090 _a94(477).075
_bШ95
100 _aШульга І.
245 _aЛюдомор на Поділлі: до 60-річчя голодомору
260 _aК.
_bРеспубліканська асоціація українознавців
_c1993
300 _a235 c.
650 7 _a9 Географія. Біографії. Історія
_2UDC
942 _cBK
_2udc
955 _a1
999 _c319207
_d319207